00499 2200205 4500001002100000008004100021035002000062245005800082100002100140250000600161260003200167300001100199084001400210082000800224650001300232990001200245990001200257990001200269990001200281INLIS000000000000707 ind  a0010-0424000683 aSistem Gas Buang Sepeda MotorcMoh. Tri Wahyudi, S.Pd aTri Wahyudi, Moh a1 aYogyakarta :bInsaniac2015 a76 hlm a600 MOH s a600 aNonfiksi a0721908 a0721909 a0721910 a0721911